00868 2200301 4500001002100000005001500021035002000036007000300056008004100059020002200100082001500122084001700137100003100154245006200185250003500247300003000282650001300312700002500325264004200350336002100392337003000413338002300443040002200466090002200488850001200510999002200522990002200544INLIS00000000088869720240712095904 a0010-0724000596ta240712s2024 yoi g 1 ind d a978-623-185-241-004223a306.85 a306.85 KHA l0 aKhanif SutrisnoePengarang10aLentera keluarga /cKhanif Sutrisno; penyunting, Daryanto aCetakan pertama: Februari 2024 aviii, 64 halaman ;c20 cm aKeluarga0 aDaryantoePenyunting31aYogyakarta :bPustaka Egaliter,c2024 2rdacontentateks 2rdamediaatanpa perantara 2rdacarrieravolume aYOPDYOGbinderda aCB-D.11 2024-1812 aYOPDYOG aCB-D.11/2024-1812 aCB-D.11/2024-1812